Города по Буквам — Л - Statistics

General Stats
  • This quiz has been taken 175 times
  • The average score is 11 of 21
Answer Stats
Подсказка Город % Correct
Столица Туманного Альбиона с Тауэром и Биг-Беном Лондон
92%
"Город ангелов", "Ла-Ла-Ленд", известный своим районом Голливуд Лос-Анджелес
90%
Самая старая и самая западная столица Европы Лиссабон
89%
Крупнейший город Западной Украины, до 1939 — в составе Польши Львов
84%
Прибрежный мегаполис в Южной Америке и столица Перу Лима
82%
"Город грехов" и "Мировая столица развлечений" в США, известный своими казино Лас-Вегас
82%
Одна из трёх столиц ЕС и столица одноимённого великого герцогства Люксембург
71%
Третий по величине город Франции, известный своим Фестивалем Света Лион
64%
Город металлургов в Европейской части России, названный в честь дерева Липецк
58%
Британский портовый город, Мекка всех битломанов Ливерпуль
58%
Мегаполис в Нигерии, до 1991 — её столица Лагос
46%
Столица Замбии Лусака
42%
Столица Анголы, один из самых дорогих городов мира Луанда
40%
"Олимпийская столица мира", расположенная в Швейцарии Лозанна
28%
Второй по величине город Пакистана Лахор
26%
Город на Кипре, по некоторым данным, крупнейший город острова Лимассол
25%
"Крупнейший музей под открытым небом" в Египте Луксор
22%
Здесь умер знаменитый композитор Бах Лейпциг
22%
Столица одноимённого швейцарского кантона с древним деревянным мостом Люцерн
17%
Норвежский город, в котором проводилась Зимняя Олимпиада-1994 Лиллехаммер
14%
Портовый город в Сирии, здесь находится крупнейшая община алавитов Латакия
13%
No matching quizzes found
Score Distribution
Percent of People with Each Score
Percentile by Number Answered
Your Score History
You have not taken this quiz